| 000 | 01022na a2200313 4500 | ||
|---|---|---|---|
| 001 | 12626 | ||
| 003 | MIRAKIL | ||
| 005 | 20181213155251.0 | ||
| 008 | 160824b tu 000 0 | ||
| 020 | _a9786053991984 | ||
| 035 | _a12626 | ||
| 040 |
_aMilas _btur _cTR-AnCHP |
||
| 082 |
_a193 _bE63k 2011 |
||
| 090 | _a193 E63k 2011 | ||
| 100 | _aErgün, Reyda | ||
| 245 |
_aKimlik bedenin hapishanesidir _bSpinoza üzerine yazılar ve söyleşiler _cReyda Ergün, Cemal Bali Akal. |
||
| 246 | _aSpinoza üzerine yazılar ve söyleşiler | ||
| 260 |
_aİstanbul _bİstanbul Bilgi Üniversitesi Yayınları _c2011 |
||
| 300 |
_aviii, 175 s. _c23 sm. |
||
| 490 |
_aFelsefe dizisi _v12 |
||
| 490 |
_aİstanbul Bilgi Üniversitesi yayınları _v340 |
||
| 504 | _aKaynakça ve dizin var. | ||
| 600 |
_aSpinoza, Benedictus de _d1632-1677 _xFelsefe |
||
| 650 |
_aSiyaset (Felsefe) _xAlman filozoflar |
||
| 650 | _aÇağdaş felsefe | ||
| 650 |
_aFilozoflar _zAlmanya |
||
| 700 | _aAkal, Cemal Bali | ||
| 942 |
_2ddc _cBKS |
||
| 999 |
_c9589 _d9589 |
||